000 00441nam a2200145Ia 4500
008 211122s9999||||xx |||||||||||||| ||und||
082 _a894.8123
_bBAS-P
100 _aBasheer, Vaikom Muhammad
245 0 _aPathummayude Adu
260 _bSahityapravarthaka Sangom
_aKottayam
_c1959
300 _a122p.
630 _xGeneral Stack
650 _aMalayalam Literature
_vMalayalam FictionMalayalam NovelsShort StoriesGeneralia
942 _cBOOK
999 _c124269
_d124269